Antalya il özel idaresi köylerde yaşam kalitesinin yükseltilmesi çalışmaları (Record no. 2690)
[ view plain ]
| 000 -BAŞLIK | |
|---|---|
| Sabit Uzunlukta Kontrol Alanı | 00991na a2200241 4500 |
| 001 - KONTROL NUMARASI | |
| Denetim Alanı | 15553 |
| 003 - KONTROL NUMARASI IDENTIFIER | |
| Denetim Alanı | MIRAKIL |
| 005 - SON İŞLEM TARİHİ VE ZAMANI | |
| Denetim Alanı | 20181213154906.0 |
| 008 - SABİT-BOY VERİ ELEMANLARI - GENEL BİLGİLER | |
| Sabit Uzunlukta Kontrol Alanı | 161006b tu 000 0 |
| 040 ## - KATALOGLAMA KAYNAK | |
| Orijinal Kataloglama Ajansı | Milas |
| Kataloglama Dili | tur |
| Metne Dönüştürmek Ajansı | TR-AnCHP |
| 041 ## - DİL KODU | |
| Metin / Ses Parça Veya Ayrı Başlığın Dil Kodu | tur |
| 082 ## - DEWEY ONLU SINIFLANDIRMA NUMARASI | |
| Sınıflandırma Numarası | 353.920956411 |
| Ürün Numarası | A57a 2005 |
| 090 ## - SINIFLAMA NUMARASI | |
| Sınıflama Numarası | 353.920956411 A57a 2005 |
| 110 ## - ANA GİRİŞ - KURUMSAL ADI | |
| Giriş Elemanı Olarak Kurumsal Ad Veya Yargı Alanı Adı | Antalya Valiliği |
| 245 ## - BAŞLIK TABLOSU | |
| Başlık | Antalya il özel idaresi köylerde yaşam kalitesinin yükseltilmesi çalışmaları |
| Başlığın Kalan | (köy yolları-köy içmesuyu-köy kanalizasyonu-köy meydan düzenlemesi ve diğer projeler) |
| Sorumluluk Tablosu, Vb | Antalya Valiliği |
| 246 ## - UNVAN FORM VARYING | |
| Başlık Doğru / Kısa Başlığı | köy yolları-köy içmesuyu-köy kanalizasyonu-köy meydan düzenlemesi ve diğer projeler |
| 246 ## - UNVAN FORM VARYING | |
| Başlık Doğru / Kısa Başlığı | (köy yolları-köy içmesuyu-köy kanalizasyonu-köy meydan düzenlemesi ve diğer projeler) |
| 260 ## - YAYIN, DAĞITIM, VB | |
| Yayın, Dağıtım, Vb Yeri | Antalya |
| Yayıncı, Dağıtıcı, Vs Adı | Antalya Valiliği |
| Yayın, Dağıtım, Vb Tarihi | 2005 |
| 300 ## - FİZİKSEL TANIM | |
| Kapsam | 223 s. |
| Diğer Fiziksel Ayrıntıları | fotğ. |
| Boyutlar | 30 sm. |
| 650 ## - KONU KATMA GİRİŞ - TOPİKAL DÖNEM | |
| Topikal Süreli Veya Coğrafi Ad Giriş Elemanı | Bölgesel gelişme |
| Genel Alt Bölümü | Köyler |
| Coğrafi Alt Bölümü | Antalya |
| 650 ## - KONU KATMA GİRİŞ - TOPİKAL DÖNEM | |
| Topikal Süreli Veya Coğrafi Ad Giriş Elemanı | İl idaresi |
| Kronolojik Alt Bölümü | Projeler |
| Coğrafi Alt Bölümü | Antalya |
| 942 ## - EKLENDİ GİRİŞ ELEMANLARI (KOHA) | |
| Sınıflandırma Veya Raf Düzeni Kaynak | Dewey Decimal Classification |
| Koha Öğesi Türü | Books |
| 999 ## - SİSTEM KONTROL NUMARALARI (KOHA) | |
| Koha Biblionumber | 2690 |
| Koha Biblioitemnumber | 2690 |
| Kalıcı Konum | Mevcut Konum | Edinme Tarihi | Edinim Kaynak | Toplam Check-Out'Lar | Tam Çağrı Numarası | Barkod | Tarih Son Görülme | İtibaren Geçerli Fiyatlar | Koha Öğesi Türü |
|---|---|---|---|---|---|---|---|---|---|
| CHP Kütüphanesi | CHP Kütüphanesi | 09/16/2016 | Bağış | 353.920956411 A57a 2005 | 003905 | 09/16/2016 | 09/16/2016 | Books |
